logo

Bir Sreshtho Munshi Abdur Rouf Library
Jhenaidah Cadet College

Cytology / (Record no. 4791)

MARC details
000 -LEADER
fixed length control field 00658nam a2200253 a 4500
001 - CONTROL NUMBER
JCCL Control Number 4791
003 - CONTROL NUMBER IDENTIFIER
JCCL marc code BD-JhCC
005 - DATE AND TIME OF LATEST TRANSACTION
control field 20171203173528.0
008 - FIXED-LENGTH DATA ELEMENTS--GENERAL INFORMATION
fixed length control field 171203s1978 ii a|||| ||a| 001 0 eng d
020 ## - INTERNATIONAL STANDARD BOOK NUMBER
International Standard Book Number 8121908140
035 ## - SYSTEM CONTROL NUMBER
system control number (BD-JhCC)4791
040 ## - CATALOGING SOURCE
Original cataloging agency BD-JhCC
Modifying agency BD-JhCC
041 ## - LANGUAGE CODE
Language code of Book eng
082 ## - DEWEY DECIMAL CLASSIFICATION NUMBER
Classification number 636.0896075
Author mark and Year VER 1978
100 ## - MAIN ENTRY--PERSONAL NAME
Personal name Verma, P.S.
245 ## - TITLE STATEMENT
Title Cytology /
Statement of responsibility, etc P.S. Verma; V.K. Agarwal
260 ## - PUBLICATION, DISTRIBUTION, ETC. (IMPRINT)
Place of publication, distribution, etc New Delhi :
Name of publisher, distributor, etc S. Chand & Company Ltd,
Date of publication, distribution, etc 1978.
300 ## - PHYSICAL DESCRIPTION
Pagination 567 p. :
Dimensions 22 cm.
650 ## - SUBJECT ADDED ENTRY--TOPICAL TERM
Topical term or geographic name as entry element Cytology
650 ## - SUBJECT ADDED ENTRY--TOPICAL TERM
Topical term or geographic name as entry element Veterinary Cytology
700 ## - ADDED ENTRY--PERSONAL NAME
Personal name Agarwal V.K.
Fuller form of name P.S. Verma; V.K. Agarwal
942 ## - ADDED ENTRY ELEMENTS (KOHA)
Source of classification or shelving scheme Dewey Decimal Classification
Koha item type Books
Holdings
Source of classification or shelving scheme Damaged status Not for loan Home library Current library Shelving location Date of accession Total Checkouts Full call number Barcode Date last seen Koha item type
Dewey Decimal Classification     JCC Rouf Library JCC Rouf Library General Stacks 12/03/2017   636.0896075 VER 1978 6709 12/03/2017 Books

JCC Library | Contacts | JCC Home

Last Update on 23 September 2017
Copyright @ 2017-2020 JCC Rouf Library
Rouf Library, Jhenidah Cadet College (JCC), Bangladesh